000 00274nam a22000977a 4500
082 _a621.815
_bVAL
_cL-12, P-45
245 _aDesign of Machine Members
260 _aNew York
_bMcGRAW-HILL Book Company Ltd
_c1951
526 _a0
_b0
_c0
_d621_815000000000000_VAL
942 _2ddc
_cBK
999 _c545932
_d545932